Proces harmonizace daňových systémů zemí Evropské unie

Daňová harmonizácia v Európskej únii. Priama a nepriama daňová harmonizácia v EÚ. Daňová konkurencia. Negatívne dôsledky daňovej konkurencie. Daňová harmonizácia ako nástroj eliminujúci negatívne dôsledky daňovej konkurencie.

Gespeichert in:
Bibliographische Detailangaben
1. Verfasser: Blechová, Beáta
Format: Buchkapitel
Sprache:Tschechisch
Schlagworte:
Tags: Tag hinzufügen
Keine Tags, Fügen Sie das erste Tag hinzu!

MARC

LEADER 00000naa$a2200000$$$4500
001 0112541
005 20220505133839.9
041 0 |a cze 
044 |a CZ 
245 1 0 |a Proces harmonizace daňových systémů zemí Evropské unie  |c Beáta Blechová 
520 |a Daňová harmonizácia v Európskej únii. Priama a nepriama daňová harmonizácia v EÚ. Daňová konkurencia. Negatívne dôsledky daňovej konkurencie. Daňová harmonizácia ako nástroj eliminujúci negatívne dôsledky daňovej konkurencie. 
610 2 0 |a dane 
610 2 0 |a systémy daňové 
610 2 0 |a harmonizácia 
610 2 0 |a trh medzinárodný 
610 2 0 |a výrobky 
610 2 0 |a služby 
610 2 0 |a ceny 
610 2 0 |a konkurencia 
610 2 0 |a Európska únia 
100 1 |a Blechová, Beáta